Countries with the Least Visitors - Statistics

General Stats
  • This quiz has been taken 158 times
  • The average score is 9 of 15
Answer Stats
Tourists Country % Correct
3.7K Tuvalu
84%
6.1K Marshall islands
78%
29K Solomon Islands
78%
94K Tonga
75%
12K Kiribati
73%
18K Micronesia
70%
34K São Tomé and Principe
63%
45K Comoros
58%
81K East Timor
57%
81K Chad
55%
87K Central African Republic
52%
52K Guinea-Bissau
41%
143K Burkina Faso
39%
71K Sierra Leone
34%
98K Liechtenstein
32%
No matching quizzes found
Score Distribution
Percent of People with Each Score
Percentile by Number Answered
Your Score History
You have not taken this quiz